Maternal Employment Preferences in Poland and Slovakia

Štúdia skúma preferencie mužov a žien v oblasti zamestnanosti matiek so zameraním na matky s deťmi v predškolskom a školskom veku v Poľsku a na Slovensku, pričom využíva údaje z modulu Rodina a meniace sa rodové roly V (2022) v rámci Medzinárodného programu sociálneho prieskumu (ISSP). Napriek pokro...

Descrizione completa

Salvato in:
Dettagli Bibliografici
Autore principale: Třísková, Hana
Natura: Capitolo di libro
Lingua:inglese
Soggetti:
Tags: Aggiungi Tag
Nessun Tag, puoi essere il primo ad aggiungerne!!

MARC

LEADER 00000naa a2200000 4500
001 0314776
005 20260205135801.7
041 0 |a eng 
044 |a CZ 
245 1 0 |a Maternal Employment Preferences in Poland and Slovakia  |c Hana Třísková 
520 |a Štúdia skúma preferencie mužov a žien v oblasti zamestnanosti matiek so zameraním na matky s deťmi v predškolskom a školskom veku v Poľsku a na Slovensku, pričom využíva údaje z modulu Rodina a meniace sa rodové roly V (2022) v rámci Medzinárodného programu sociálneho prieskumu (ISSP). Napriek pokroku v dosahovaní rovnocenného prístupu k platenej dovolenke a rastúcemu počtu predškolských zariadení zostáva zamestnanosť matiek v týchto krajinách nízka, najmä medzi matkami s deťmi vo veku 0 – 2 roky. 
610 2 0 |a zamestnanosť 
610 2 0 |a ženy 
610 2 0 |a politika rodinná 
610 2 0 |a rovnováha duševná 
610 2 0 |a porovnanie medzinárodné 
610 2 0 |a Slovensko 
610 2 0 |a Poľsko 
100 1 |a Třísková, Hana